000
00276nam a2200109Ia 4500
008
230907s9999||||xx |||||||||||||| ||und||
082
_a
604.2
_b
JEN
245
0
_a
Engineering drawing and design /
260
_a
McGraw_Hill,
_b
New Delhi :
_c
2015
300
_a
966 p.
942
_c
BK
999
_c
600262
_d
600262